| 000 | 00705nam a22002057a 4500 | ||
|---|---|---|---|
| 999 |
_c15512 _d15512 |
||
| 003 | AR-CdUCM | ||
| 008 | 190429b ||||| |||| 00| 0 spa d | ||
| 040 |
_aMUNICIPALIDAD PROVINCIAL DEL CUSCO _cBIBLIOTECA MUNICIPAL DEL CUSCO |
||
| 082 |
_a376.51 / _bV18 / 1953 |
||
| 100 |
_aValcárcel, Carlos Daniel _96185 |
||
| 245 |
_aLibro de oposiciones de la Universidad de San Antonio del Cusco : _bsiglo XVIII / |
||
| 260 |
_aLima : _bSan Marcos, _c1953. |
||
| 300 |
_a200 paginas ; _c25 cm. |
||
| 505 | _aContenido : Faciculos. | ||
| 650 |
_aOposiciones _934611 |
||
| 650 |
_aCusco _9772 |
||
| 650 |
_aUniversidad Nacional San Antonio de Abad _934612 |
||
| 942 |
_2ddc _cLIBROS |
||
| 945 |
_awnts _d2019-04-29 |
||